| 000 | 01551cad a22002415a 4500 | ||
|---|---|---|---|
| 001 | L143031 | ||
| 008 | 080402e20080331xxk f f000 0 eng d | ||
| 035 | _a(Sirsi) u143031 | ||
| 041 | 0 | _aeng | |
| 050 | 0 | 4 | _a711.52 $2 18 |
| 110 | 1 |
_aUnited Kingdom _bDepartment for Business, Enterprise and Regulatory Reform _95262 |
|
| 245 | 0 | 0 |
_aProsperous places _btaking forward the review of sub national economic development and regeneration _h[electronic resource] |
| 260 |
_aLondon _bBERR _c2008 |
||
| 520 | _aConsultation paper makes government policy recommendations made in a previous policy review (L139368). Describes a framework aimed at maximising prosperity throughout England and tackling social deprivation and inequality. Proposals streamlining the regional tier, introducing integrated regional strategies and giving regional development agencies lead responsibility for these. Advocates a strengthening of local authority roles in economic development. Supports collaboration by authorities across economic areas. Also considers transitional arrangements. Responses are due by 20 June 2008. | ||
| 521 | 2 | _aAdvanced | |
| 590 | _aKA | ||
| 651 | 4 |
_aEngland _y886- |
|
| 690 | _aENVIRONMENTAL AND LAND CONSULTANCY-SUSTAINABILITY-SUSTAINABLE DEVELOPMENT | ||
| 690 | _aPROPERTY-PROPERTY MANAGEMENT-REGENERATION | ||
| 710 | 1 |
_aUnited Kingdom _bDepartment for Communities and Local Government _94939 |
|
| 856 | 4 | 0 |
_uhttps://www.berr.gov.uk/consultations/page45474.html _zView the consultation paper free of charge at www.berr.gov.uk... |
| 942 | _n0 | ||
| 999 |
_c108043 _d108043 |
||